Biostatistics : a methodology for the health sciences

Αποθηκεύτηκε σε:
Λεπτομέρειες βιβλιογραφικής εγγραφής
Κύριος συγγραφέας: Fisher, Lloyd, 1939-
Άλλοι συγγραφείς: Van Belle, Gerald
Μορφή: Βιβλίο
Γλώσσα:English
Δημοσίευση: New York : John Wiley, c1993.
Σειρά:Wiley series in probability and mathematical statistics. Applied probability and statistics.
Θέματα:
Ετικέτες: Προσθήκη ετικέτας
Δεν υπάρχουν, Καταχωρήστε ετικέτα πρώτοι!

MARC

LEADER 00000cam a2200000 i 4500
001 1/1324
008 000417s1993 nyu| ||| |||| ||eng||
020 |a 0471584657 
035 |l 10059977 
040 |a GR-MyUa  |b gre  |e AACR2 
041 0 |a eng 
082 7 |a 610.15195   |2 (22) 
100 1 |a Fisher, Lloyd,   |d 1939- 
245 1 0 |a Biostatistics :   |b a methodology for the health sciences /   |c Lloyd Fisher, Gerald van Belle. 
260 |a New York :   |b John Wiley,   |c c1993. 
300 |a xxii, 991 σ. :   |b εικ. ;   |c 25 εκ. 
490 1 |a (Wiley series in probability and mathematical statistics. Applied probability and statistics ) 
504 |a Περιλαμβάνει βιβλιογραφικές παραπομπές και ευρετήρια. 
650 0 0 |a Biometry. 
700 1 |a Van Belle, Gerald. 
830 0 |a Wiley series in probability and mathematical statistics.   |p Applied probability and statistics. 
852 |a INST  |b SAMOS  |e 20000417  |h 610.15195 FIS  |p 005300017628  |q 005300017628  |t BK  |y 0 
901 |a BIBL3-2000-1 
922 |a 3ΕΛΗ  |b 200003  |c ΚΠΣ  |d ΠΑΠΑΣΩΤΗΡΙΟΥ 
950 |a 116-1999-12-31 
970 |a ΚΟΣΙΕΡΗΣ  |b ΧΡΗΣΤΟΣ  |z 2000/04/20